01701cam a22003498a 450000100090000000300090000900500170001800800410003502000180007604000380009404100130013208200200014510000640016524501300022926400430035930000240040233600260042633700280045233800270048050502540050754600510076165000550081265100490086765300240091665500240094070000420096470000830100685600910108994200120118099900170119295201420120913695512EG-ScBUE20220308115024.0040823s2005 nyu f 000 1 eng d a9780060751579 aDLCbengerdacDLCdDLCdEG-ScBUE1 aenghspa04a863.64222bGAR1 aGarcía Márquez, Gabriel,‏d1927-2014,eauthor.91552310aNo one writes to the colonel and other stories /cGabriel García Márquez ; translated from the Spanish by J.S. Bernstein. 1aNew York :bPerennial Classics,c2005. a170 pages : c20 cm 2rdacontentatextbtxt 2rdamediaaunmediatedbn 2rdacarrieravolumebnc0 aNo one writes to the colonel -- Big Mama's funeral -- Tuesday siesta -- One of these days -- There are no thieves in this town -- Balthazar's marvelous afternoon -- Montiel's widow -- One day after Saturday -- Artificial roses -- Big Mama's funeral. aText in English ; translated from the Spanish. 7aSpanish fictionxTranslations into English.2BUEsh 7aColombiaxSocial conditionsvFiction.2BUEsh bHHUUEENNcMarch2022 vReading book9342321 aBernstein, J. S.,etranslator.91552512aGarcia Marquez, Gabriel,d1928-tFunerales de la Mama Grande.lEnglish.915526423Publisher descriptionuhttp://www.loc.gov/catdir/enhancements/fy0910/2004051256-d.html 2ddccBB c14301d14301 00102ddc40708BaccahaMAINbMAINc2NDd2010-06-30ePurchaseg130.00h10487o863.64 GARp000021140r2025-07-15 00:00:00w2010-06-30yBB